駅数が多い都道府県TOP20 -サドンデス- - Statistics

General Stats
  • This quiz has been taken 368 times
  • The average score is 11 of 20
Answers on the Grid
Answers color-coded by a green-red scale on the quiz's grid according to % correct below.
北海道
青森県
岩手県
宮城県
秋田県
山形県
福島県
茨城県
栃木県
群馬県
埼玉県
千葉県
東京都
神奈川県
新潟県
富山県
石川県
福井県
山梨県
長野県
岐阜県
静岡県
愛知県
三重県
滋賀県
京都府
大阪府
兵庫県
奈良県
和歌山県
鳥取県
島根県
岡山県
広島県
山口県
徳島県
香川県
愛媛県
高知県
福岡県
佐賀県
熊本県
長崎県
大分県
宮崎県
鹿児島県
沖縄県
 
Answer Stats
Answer % Correct
720 東京都
95%
372 神奈川県
92%
519 大阪府
92%
449 北海道
89%
352 千葉県
89%
241 埼玉県
87%
381 兵庫県
84%
497 愛知県
80%
248 京都府
80%
360 福岡県
78%
250 広島県
64%
230 静岡県
55%
264 長野県
39%
210 新潟県
30%
187 岐阜県
18%
191 福島県
15%
235 三重県
15%
177 岩手県
14%
201 富山県
13%
174 高知県
5%
No matching quizzes found
Score Distribution
Percent of People with Each Score
Percentile by Number Answered
Your Score History
You have not taken this quiz